Wszyscy Strzelcy Bramek W Finale Ligi Mistrzów 2009-2000 - Statystyki

Ogólne statystyki
  • Ten quiz został rozwiązany 159 razy
    139 od ostatniego zresetowania
  • Średni wynik to 12 z 26
Statystyki odpowiedzi
Rok Drużyny Minuta Zawodnik % Poprawnych
70' Lionel Messi
98%
2007/08 Manchester United 1:1 ChelseaK. 6-5 26' Cristiano Ronaldo
90%
54' Steven Gerrard
78%
45' Frank Lampard
69%
45' Zinedine Zidane
69%
2008/09 FC Barcelona 2:0 Manchester United 10' Samuel Eto'o
68%
76' Samuel Eto'o
68%
60' Xabi Alonso
68%
2004/05 Liverpool 3:3 A.C. MilanK. 3-2 1' Paolo Maldini
64%
2006/07 A.C. Milan 2:1 Liverpool 45', 82' Filippo Inzaghi
57%
2001/02 Real Madryt 2:1 Bayer 04 Leverkusen 8' Raul
56%
75' Raul
56%
39', 44' Hernan Crespo
55%
71' Deco
53%
56' Vladimir Smicer
40%
2002/03 A.C. Milan 0:0 Juventus K. 3-2 Wyg. K. Andriy Shevchenko
36%
2005/06 FC Barcelona 2:1 Arsenal 36' Sol Campbell
36%
1999/00 Real Madryt 3:0 Valencia 39' Fernando Morientes
28%
81' Juliano Belletti
28%
14' Lucio
18%
2003/04 FC Porto 3:0 AS Monaco 39' Carlos Alberto
14%
89' Dirk Kuijt
14%
51' K. Stefan Effenburg
10%
67' Steven McManaman
9%
75' Dmitrij Aleniczew
7%
2000/01 Bayern Monachium 1:1 ValenciaK. 5:4 3' K. Gaizka Mandieta
0%
Nie znaleziono quizów pasujących do podanych kryteriów
Rozkład punktacji
Procent ludzi z każdym wynikiem
Percentyl według liczby udzielonych odpowiedzi
Twoja historia wyników
Nie rozwiązałeś tego quizu od ostatniego zresetowania